000 00286nam a2200121Ia 4500
008 190216s9999||||xx |||||||||||||| ||und||
100 _aShripanath
245 0 _aHindi- Matiyaburz Ka Aakhiree Navab
260 _bUdgam Prakashan
_c2008
300 _a159
650 _aHindi
942 _cBK
999 _c16534
_d16534